|
|
|
|
| LEADER |
00000nab a2200000 a 4500 |
| 001 |
vtls000920203 |
| 003 |
SK-MaSNL |
| 005 |
20260304181333.0 |
| 008 |
040720e19910425xo 0 slo |
| 035 |
|
|
|a KE29080
|
| 040 |
|
|
|a KEVKJB
|b slo
|c KEVKJB
|e AACR2
|
| 041 |
0 |
|
|a slo
|
| 044 |
|
|
|a xo
|c SK
|
| 080 |
|
|
|a 885.4-929
|2 1981
|
| 245 |
0 |
0 |
|a Ján Motulko, spisovateľ
|b na dôvernej linke
|c [autor] (rn)
|
| 600 |
1 |
7 |
|a Motulko, Ján,
|d 1920-2013
|2 SNKMA
|9 114662
|
| 650 |
0 |
7 |
|a slovenská literatúra
|2 snkbucl
|9 1115
|
| 650 |
0 |
7 |
|a úvahy
|2 KEVKJB
|9 103754
|
| 651 |
|
7 |
|a Malá Lodina (Slovensko)
|2 KEVKJB
|9 30178
|
| 773 |
0 |
8 |
|t Národná obroda
|g Roč. 2
|g Roč. 28, č.97, 25.4.1991, s. 12
|
| 852 |
|
|
|a ZVYKNI
|b KIS3GCP
|
| 958 |
|
|
|a BX
|
| 958 |
|
|
|a LX
|
| 999 |
|
|
|c 3023321
|d 3025251
|